000 00203nam a2200097Ia 4500
008 240331s9999 xx 000 0 und d
082 _bBRO
100 _aBrown, Dan
245 0 _aDeception point
942 _cL
999 _c5859
_d5859